书目信息 |
| 题名: |
精品智慧文摘
|
|
| 作者: | 谭波 选编 | |
| 分册: | ||
| 出版信息: | 长沙 湖南人民出版社 2010.02 |
|
| 页数: | 279页 | |
| 开本: | 24cm | |
| 丛书名: | 精品文摘系列 | |
| 单 册: | ||
| 中图分类: | I14 | |
| 科图分类: | ||
| 主题词: | 故事--gu shi--世界--现代--选集 | |
| 电子资源: | ||
| ISBN: | 978-7-5438-6274-6 | |
| 000 | 00902nam 2200277 450 | |
| 001 | 012010657312 | |
| 005 | 20100403165735.17 | |
| 010 | @a978-7-5438-6274-6@dCNY29.80 | |
| 100 | @a20100403d2010 em y0chiy0120 ea | |
| 101 | 0 | @achi |
| 102 | @aCN@b430000 | |
| 105 | @ay z 000fy | |
| 106 | @ar | |
| 200 | 1 | @a精品智慧文摘@Ajing pin zhi hui wen zhai@f选编谭波@Fxuan bian tan bo |
| 210 | @a长沙@c湖南人民出版社@d2010.02 | |
| 215 | @a279页@d24cm | |
| 225 | 2 | @a精品文摘系列@Ajing pin wen zhai xi lie |
| 225 | 2 | @a精品智慧文摘@Ajing pin zhi hui wen zhai |
| 330 | @a本书内容包括:生命是一种责任;一步改变一生;刻骨铭心的一课;半截雅签的温暖;梦想比条件更重要等。 | |
| 410 | 0 | @12001 @a精品文摘系列 |
| 410 | 0 | @12001 @a精品智慧文摘 |
| 606 | 0 | @a故事@Agu shi@y世界@z现代@j选集 |
| 690 | @aI14@v4 | |
| 701 | 0 | @a谭波@Atan bo@4选编 |
| 801 | 0 | @aCN@bQSSK@c20100403 |
| 905 | @b773334-36@dI14@eT096@f3 | |
| 精品智慧文摘/选编谭波.-长沙:湖南人民出版社,2010.02 |
| 279页;24cm.-(精品文摘系列).-(精品智慧文摘) |
| ISBN 978-7-5438-6274-6:CNY29.80 |
| 本书内容包括:生命是一种责任;一步改变一生;刻骨铭心的一课;半截雅签的温暖;梦想比条件更重要等。 |
| ● |
| 相关链接 |
|
|
|
正题名:精品智慧文摘
索取号:I14/T096
 
预约/预借
| 序号 | 登录号 | 条形码 | 馆藏地/架位号 | 状态 | 备注 |
| 1 | 773334 | 207733345 | 社科二线422/422社科库 24排2列4层/ [索取号:I14/T096] | 在馆 | |
| 2 | 773335 | 207733354 | 社科二线422/422社科库 24排2列4层/ [索取号:I14/T096] | 在馆 | |
| 3 | 773336 | 207733363 | 社科二线422/422社科库 24排2列4层/ [索取号:I14/T096] | 在馆 |